| 000 | 00595nam a2200181Ia 4500 | ||
|---|---|---|---|
| 008 | 090123s9999 xx 000 0 und d | ||
| 082 |
_b26829 _a891.463/काकडे |
||
| 100 | _aकाकडे दत्तात्रय सदाशिव | ||
| 245 | _aवंश | ||
| 250 | _a0 | ||
| 260 | _bचंद्रमौळी प्रकाशन | ||
| 300 | _a160 | ||
| 600 | _aकाकडे दत्तात्रय सदाशिव | ||
| 630 | _aवंश | ||
| 700 | _aकाकडे दत्तात्रय सदाशिव | ||
| 730 | _aवंश | ||
| 942 | _cBOOK | ||
| 999 |
_c64898 _d64898 |
||